50 Highest Grossing Films - Statistics

General Stats
  • This quiz has been taken 26 times
  • The average score is 10 of 50
Answer Stats
Worldwide Gross Year Released Movie Name % Correct
$2,847,397,339 2009 Avatar
82%
$1,518,812,988 2012 The Avengers
82%
$2,187,535,296 1997 Titanic
73%
$2,797,501,328 2019 Avengers: Endgame
55%
$2,048,359,754 2018 Avengers: Infinity War
50%
$1,034,199,003 1993 Jurassic Park
45%
$1,671,537,444 2015 Jurassic World
41%
$1,290,000,000 2013 Frozen
36%
$1,214,811,252 2013 Iron Man 3
36%
$1,005,973,645 2008 The Dark Knight
32%
$1,146,030,912 2003 The Lord of the Rings: The Return of the King
32%
$1,402,809,540 2015 Avengers: Age of Ultron
23%
$1,347,280,838 2018 Black Panther
23%
$1,153,329,473 2016 Captain America: Civil War
23%
$1,028,570,889 2016 Finding Dory
23%
$1,450,026,933 2019 Frozen II
23%
$1,656,943,394 2019 The Lion King
23%
$1,066,969,703 2010 Toy Story 3
23%
$1,073,394,593 2019 Toy Story 4
23%
$1,023,784,195 2016 Zootopia
23%
$1,081,142,612 2012 The Dark Knight Rises
18%
$1,050,693,953 2019 Aladdin
14%
$1,148,485,886 2018 Aquaman
14%
$1,263,521,126 2017 Beauty and the Beast
14%
$1,074,251,311 2019 Joker
14%
$1,159,398,397 2015 Minions
14%
$1,131,927,996 2019 Spider-Man: Far From Home
14%
$2,068,223,624 2015 Star Wars: The Force Awakens
14%
$1,128,274,794 2019 Captain Marvel
9%
$1,242,805,359 2018 Incredibles 2
9%
$1,108,561,013 2012 Skyfall
9%
$1,901,232,550 2021 Spider-Man: No Way Home
9%
$1,332,539,889 2017 Star Wars: The Last Jedi
9%
$1,074,144,248 2019 Star Wars: The Rise of Skywalker
9%
$1,238,831,332 2022 Top Gun: Maverick
9%
$1,025,467,110 2010 Alice in Wonderland
5%
$1,516,045,911 2015 Furious 7
5%
$1,006,968,171 2001 Harry Potter and the Philosophers Stone
5%
$1,123,794,079 2011 Transformers: Dark of the Moon
5%
$1,034,799,409 2017 Despicable Me 3
0%
$977,043,483 2010 Harry Potter and the Deathly Hollows - Part 1
0%
$1,342,025,430 2011 Harry Potter and the Deathly Hollows - Part 2
0%
$1,309,484,461 2018 Jurassic World: Fallen Kingdom
0%
$1,066,179,725 2006 Pirates of the Caribbean: Dead Mans Chest
0%
$1,045,713,802 2011 Pirates of the Caribbean: On Stranger Tides
0%
$1,056,057,273 2016 Rogue One: A Star Wars Story
0%
$1,027,044,677 1999 Star Wars: Episode 1 - The Phantom Menace
0%
$1,238,764,765 2017 The Fate of the Furious
0%
$1,017,003,568 2012 The Hobbit: An Unexpected Journey
0%
$1,104,054,072 2014 Transformers: Age of Extinction
0%
No matching quizzes found
Score Distribution
Percent of People with Each Score
Percentile by Number Answered
Your Score History
You have not taken this quiz